000 00787nam a2200253 i 4500
001 000030694
003 DO-SdBNP
005 20240930110717.0
007 ta
008 110526s1943 dr abc 000 0 spa d
040 _aDO-SdBNP
_bspa
_cBNPHU
082 _bM896c
_222
100 1 _aMoscoso, R. M.
_eautor
_923968
245 1 0 _aCatalogus florae domingensis :
_b(catálogo de la flora dominicana) /
_cR. M. Moscoso.
264 _aNew York :
_bUniversidad de Santo Domingo,
_c1943.
300 _a732 páginas :
_bilustraciones, mapa, retratos. ;
_c23 cm.
336 _ardacontent
_btexto
_2txt
337 _ardamedia
_bsin mediación
_2n
338 _brdacarrier
_0volumen
_2nc
505 1 _aParte I
_tSpermatophyta
590 _aInventariado, 2024/DG
910 _aDG
942 _2ddc
_cLBS1
999 _c30186
_d30186